01268nam a22002777i 4500003000500000005001700005008004100022020002900063040002500092082001500117100003100132245003700163264004000200300002300240336002100263337002500284338002300309520049000332650002000822650003600842650002200878650002600900655002500926655001200951655002700963PPAK20190418100627.0190417s2013 enk |||e |||| 00| 1beng d a9781471111730qpaperback aPPAKbengcPPAKerda04223a823.921 aMckenzie, Sophie,eauthor.10aCLOSE MY EYES /cSOPHIE MCKENZIE 1aLondon : bSimon & Schuster, c2013 a391 pages :c20 cm 2rdacontentatext 2rdamediaaunmediated 2rdacarrieravolume aIt's been eight years since Geniver Loxley lost her daughter, Beth. Since that day, Gen has been floundering. While her husband Art builds his business reputation and their fortune, she can't let go of Beth. And then one day, everything changes. A strange woman shows up on Gen's doorstep, saying the very thing she longs to hear: that Beth is alive. That she is out there somewhere, waiting for Gen to find her ... It's insane. Unthinkable. But why would someone make up such a story?10aEnglish fiction10aMothers and daughters vFiction10aSecrecy vFiction10aMothers and daughters7 aThrillers (Fiction) 7 aFiction7 aPsychological fiction